Country Flags with White Stars ☆ - Statistics

General Stats
  • This quiz has been taken 161 times
  • The average score is 14 of 29
Answer Stats
# Points Country % Correct
50 5 United States
97%
5 various Australia
75%
27 5 Brazil
69%
1 5 Somalia
66%
1 5 Turkey
58%
4 5 Micronesia
56%
5 5 Singapore
52%
12 5 Uzbekistan
51%
1 24 Marshall Islands
48%
1 5 Myanmar
48%
1 12 Nauru
48%
1 5 Pakistan
48%
5 5 Samoa
48%
1 5 Liberia
45%
5 5 Turkmenistan
42%
8 5 Venezuela
42%
8 5 Bosnia and Herzegovina
41%
1 5 Libya
41%
1 5 Cuba
40%
5 5 Papua New Guinea
40%
1 5 Chile
39%
4 5 Comoros
39%
5 5 Solomon Islands
39%
1 7 Jordan
37%
1 8 Azerbaijan
34%
6 5 Kosovo
31%
2 5 Saint Kitts and Nevis
30%
1 5 East Timor
27%
1 5 Togo
27%
No matching quizzes found
Score Distribution
Percent of People with Each Score
Percentile by Number Answered
Your Score History
You have not taken this quiz